00709nam a22001937a 450000500170000001000130001702000110003003500130004103700160005404000120007008200960008210000170017824501160019526000540031127000640036530000250042965000310045465000300048520170124110246.0 aA-903182 c150.00 aA-903182 bCen Lib/Ret aDPLbEN a881bSHA  aSharma, R.K. aThe beautiful verses :bRam-charit-manas : Sundar-Kand ; & Hanuman Chalisa of Goswami Tulsidas /cby R.K.Sharma aMumbaibS.Ramakrishnan Executive Secretary c1997 aBharatiya Vidya Bhavan, Kulpati Munshi MargbMumbaie400007 axxii,167p.c20cm(Hb) aTulsidas -- Versification. aTulasì„dà„sa, 1532-1623